Государственно-общественные объединения в системе инженерного образования России

Detalles Bibliográficos
Autor principal: Коршунов С. В. Сергей Валерьевич
Sumario:Дана характеристика современного состояния, проблем и перспектив развития инженерного образования в России, Рассмотрена история создания, становления и развития учебно-методических объединений в государственно-общественной системе управления высшим профессиональным образованием. Проанализированы концептуальные подходы и опыт проектирования государственных образовательных стандартов и Перечня направлений и специальностей высшего профессионального образования. Значительное внимание уделено разработке и использованию информационных технологий в инженерном образовании на основе опыта МГТУ им. Н. Э. Баумана. Для руководителей и преподавателей вузов, методистов, занимающихся проблемами развития инженерного образования, работников Министерства образования и науки РФ, Федерального агентства по образованию, Федеральной службы по надзору в сфере образования и науки.
Lenguaje:ruso
Publicado: Москва, Изд-во МГТУ, 2005
Materias:
Formato: Libro
KOHA link:https://koha.lib.tpu.ru/cgi-bin/koha/opac-detail.pl?biblionumber=135344

MARC

LEADER 00000nam0a2200000 4500
001 135344
005 20231101220539.0
010 |a 5703826590 
035 |a (RuTPU)RU\TPU\book\146683 
090 |a 135344 
100 |a 20080409d2005 km y0rusy50 ca 
101 0 |a rus 
102 |a RU 
105 |a a z 001zy 
200 1 |a Государственно-общественные объединения в системе инженерного образования России  |f С. В. Коршунов 
210 |a Москва  |c Изд-во МГТУ  |d 2005 
215 |a 328 с.  |c ил. 
320 |a Список литературы: с. 312-318. 
320 |a Именной указатель: с. 319-323. 
330 |a Дана характеристика современного состояния, проблем и перспектив развития инженерного образования в России, Рассмотрена история создания, становления и развития учебно-методических объединений в государственно-общественной системе управления высшим профессиональным образованием. Проанализированы концептуальные подходы и опыт проектирования государственных образовательных стандартов и Перечня направлений и специальностей высшего профессионального образования. Значительное внимание уделено разработке и использованию информационных технологий в инженерном образовании на основе опыта МГТУ им. Н. Э. Баумана. Для руководителей и преподавателей вузов, методистов, занимающихся проблемами развития инженерного образования, работников Министерства образования и науки РФ, Федерального агентства по образованию, Федеральной службы по надзору в сфере образования и науки. 
606 1 |a Инженерное дело  |2 stltpush  |3 (RuTPU)RU\TPU\subj\12589  |9 39351 
606 1 |a Инженерное образование  |x Организация  |y Россия  |2 stltpush  |3 (RuTPU)RU\TPU\subj\67487 
610 1 |a образование 
610 1 |a высшее образование 
610 1 |a вузы 
610 1 |a технические университеты 
610 1 |a Россия 
610 1 |a государственные объединения 
610 1 |a общественные объединения 
610 1 |a управление 
610 1 |a учебно-методические объединения 
610 1 |a многоуровневая подготовка 
610 1 |a образовательные стандарты 
610 1 |a структура 
675 |a 62  |v 3 
686 |a Ч484(2)72  |v LBC/SL-A  |2 rubbk 
700 1 |a Коршунов  |b С. В.  |g Сергей Валерьевич 
801 1 |a RU  |b 63413507  |c 20080409  |g PSBO 
801 2 |a RU  |b 63413507  |c 20130527  |g PSBO 
942 |c BK